BPMN 2.0 Handbook: methods, concepts, case studies and standards in Business Process Modeling Notation BPMN
שמור ב:
| Main Authors: | , , , , , , |
|---|---|
| פורמט: | ספר |
| שפה: | אנגלית |
| יצא לאור: |
Miami
Future Strategies Inc., Book Division
2012
|
| מהדורה: | 2a. ed |
| נושאים: | |
| תגים: |
הוספת תג
אין תגיות, היה/י הראשונ/ה לתייג את הרשומה!
|
MARC
| LEADER | 00000cam a2200000 a 4500 | ||
|---|---|---|---|
| 001 | UCE0536 | ||
| 003 | CL-VaPUC | ||
| 008 | 140124e20120000us |||||||||||||||||eng|d | ||
| 020 | |a 9780984976409 | ||
| 082 | 0 | 4 | |a 658.8 |b SHA |2 21 |
| 100 | 0 | |a Shapiro, Robert |e author |9 572875 | |
| 700 | 0 | |a White, Stephen A |e author |9 572876 | |
| 700 | 0 | |a Bock, Conrad |e author |9 572877 | |
| 700 | 0 | |a Palmer, Nathaniel |e author |9 572878 | |
| 700 | 0 | |a Muehlen, Michael zur |e author |9 572879 | |
| 700 | 0 | |a Bambrilla, Marco |e author |9 572880 | |
| 700 | 0 | |a Gagné, Denis |e author |9 572881 | |
| 245 | 1 | 0 | |a BPMN 2.0 Handbook: methods, concepts, case studies and standards in Business Process Modeling Notation BPMN |
| 250 | |a 2a. ed | ||
| 300 | |a 305 p | ||
| 942 | |c BK | ||
| 945 | |d 20140124 15:34:00 |a dcastane | ||
| 260 | |a Miami |b Future Strategies Inc., Book Division |c 2012 | ||
| 650 | 0 | |a Producción |x Planificación |9 260672 | |
| 650 | 0 | |a Gestión de la producción |9 259467 | |
| 650 | 0 | |a Business process modeling notation(BPMN) |9 543872 | |
| 583 | |a last modification |c 20140124 15:34:00 |k Rodrigo Vera | ||
| 999 | |c 354625 |d 354623 | ||
| 952 | |0 0 |1 0 |3 erb |4 0 |6 658_800000000000000_SHA_2012 |7 0 |8 A |9 460604 |a BIBING |b BIBING |i 505348K |o 658.8 SHA 2012 |p 505348K |r 2025-01-20 |w 2019-11-23 |y BK |z Catalogado en:20140124 |k EII | ||